| 000 | 00454nam a2200157 a 4500 | ||
|---|---|---|---|
| 001 | 000016806 | ||
| 005 | 20200929164950.0 | ||
| 008 | 100310s2002 dr 000 0 spa d | ||
| 040 |
_aDO-SdBNP _bspa _cBNPHU |
||
| 082 |
_axxx _bS686q |
||
| 110 | 1 |
_aSolidaridad Trabajadores de Cuba _937238 |
|
| 245 | 1 | 0 | _a¿Qué es la S.T.C.? |
| 260 |
_aSanto Domingo : _bCentro de Estudios y Documentación (CEDOF), _c2002. |
||
| 300 |
_a60 P. ; _c22 cm. |
||
| 049 | _aBNPD | ||
| 999 |
_c16338 _d16338 |
||